| 000 | 01176nam a2200253 a 4500 | ||
|---|---|---|---|
| 008 | 120416s1999 ||||||||||||||||| || u | ||
| 020 | _a0256239525 | ||
| 050 | _aHD 30.4 Coo | ||
| 100 | _aCooper, Donald R | ||
| 245 | 1 | 0 | _aBusiness research methods. (6th ed.) |
| 250 | _a6th ed. | ||
| 260 |
_aNew Delhi: _bTata McGraw-Hill _c1999 |
||
| 300 | _axvi, 703 p. : ill. | ||
| 350 | _a0.00 | ||
| 490 | _aThe Irwin/McGraw-Hill series, operations and decision sciences | ||
| 490 | _vIrwin/McGraw-Hill series in operations and decision sciences. | ||
| 650 | _aINDUSTRIAL MANAGEMENT--RESEARCH | ||
| 650 | 0 | _aSOCIAL SCIENCES--RESEARCH | |
| 650 | 0 | _aBUSINESS | |
| 700 | _aSchindler, Pamela S | ||
| 995 |
_aBINDERY (DAMAGED) _D0.00 _e732194 _FCBU-MAIN LIBRARY (Kitwe) _H1 _I0.00 _jHD 30.4.E47 COO _M4 _UDAMAGED _WMay 23, 2006 _y029642 _ZMain Library Open Access Collection |
||
| 995 |
_aMAIN LIBRARY OPEN ACCESS _D0.00 _e732196 _FCBU-MAIN LIBRARY (Kitwe) _H2 _I30.00 _jHD 30.4 COO _M2 _ULOST _y732196 _ZMain Library Open Access Collection |
||
| 995 |
_aBINDERY (DAMAGED) _D0.00 _e732195 _FCBU-MAIN LIBRARY (Kitwe) _H1 _I30.00 _jHD 30.4.E47 COO _M1 _UDAMAGED _y029643 _ZMain Library Open Access Collection |
||
| 999 |
_c77949 _d77949 |
||